[Event "POL-ch U20 Girls"]
[Site "Konin"]
[Date "1990.??.??"]
[Round "3"]
[White "Bukowska, Katarzyna"]
[Black "Smiechowska, Joanna"]
[Result "0-1"]
[WhiteElo "2005"]
[BlackElo "2145"]
[PlyCount "56"]
[EventDate "1990.??.??"]
[EventType "tourn"]
[EventRounds "9"]
[EventCountry "POL"]
[SourceTitle "EXT 1999"]
[Source "ChessBase"]
[SourceDate "1998.11.16"]
[SourceVersion "1"]
[SourceVersionDate "1998.11.16"]
[SourceQuality "1"]

1. e4 c5 2. Nf3 d6 3. d4 cxd4 4. Nxd4 Nf6 5. Nc3 a6 6. Bg5 e6 7. f4 Qc7 8. Bd3 Be7 9. Qe2 Nbd7 10. 0-0-0 b5 11. Rhe1 b4 12. Nd5 exd5 13. exd5 0-0 14. Qxe7 Re8 15. Bxf6 Rxe7 16. Rxe7 gxf6 17. Ne6 fxe6 18. dxe6 Qd8 19. Bxh7+ Kh8 20. Rf7 Qe8 21. Rxd6 Qxf7 22. exf7 Kxh7 23. Rxf6 Kg7 24. Rf5 Nf8 25. Rg5+ Kxf7 26. g3 Nh7 27. Rc5 Nf6 28. Kd2 Ne4+ 0-1

[Event "FRA-POL (Women)"]
[Site "France"]
[Date "1990.??.??"]
[Round "?"]
[White "Flear, Christine"]
[Black "Smiechowska, Joanna"]
[Result "1-0"]
[WhiteElo "2160"]
[BlackElo "2115"]
[PlyCount "61"]
[EventDate "1990.??.??"]
[EventType "schev"]
[EventRounds "10"]
[EventCountry "FRA"]
[SourceTitle "EXT 2004"]
[Source "ChessBase"]
[SourceDate "2003.11.25"]
[SourceVersion "1"]
[SourceVersionDate "2003.11.25"]
[SourceQuality "1"]

1. d4 Nf6 2. c4 e6 3. Nc3 Bb4 4. Qc2 c5 5. dxc5 Qa5 6. Bd2 Na6 7. a3 Bxc5 8. Rd1 Qc7 9. b4 Be7 10. Nb5 Qb8 11. g3 b6 12. Nf3 Nh5 13. Bg2 Bb7 14. 0-0 0-0 15. Bg5 f6 16. Rxd7 Bxb4 17. axb4 Bc6 18. Rdd1 Nxb4 19. Qb1 fxg5 20. Qxb4 a5 21. Qd6 Qb7 22. Qxe6+ Kh8 23. Nd6 Qc7 24. Nxg5 Rf6 25. Qh3 g6 26. Bxc6 Qxc6 27. Nde4 Rff8 28. Rd7 Rae8 29. Rxh7+ Kg8 30. Qd7 Qxc4 31. Rh8+ 1-0

[Event "FRA-POL (Women)"]
[Site "France"]
[Date "1990.??.??"]
[Round "?"]
[White "Smiechowska, Joanna"]
[Black "Moingt, Anne"]
[Result "1-0"]
[WhiteElo "2115"]
[BlackElo "1860"]
[PlyCount "65"]
[EventDate "1990.??.??"]
[EventType "schev"]
[EventRounds "10"]
[EventCountry "FRA"]
[SourceTitle "EXT 2004"]
[Source "ChessBase"]
[SourceDate "2003.11.25"]
[SourceVersion "1"]
[SourceVersionDate "2003.11.25"]
[SourceQuality "1"]

1. c4 e5 2. Nf3 Nc6 3. Nc3 Nf6 4. d4 exd4 5. Nxd4 Bc5 6. e3 0-0 7. Be2 Re8 8. 0-0 Ne5 9. Nf3 Ng6 10. Nd5 Nxd5 11. Qxd5 d6 12. Bd2 Nf4 13. exf4 Rxe2 14. b4 Bb6 15. c5 Be6 16. Qd3 Rxd2 17. Qxd2 dxc5 18. Qc2 Qd5 19. Rfd1 Qf5 20. Qd2 h6 21. b5 a6 22. a4 axb5 23. axb5 Rxa1 24. Rxa1 Bc4 25. h3 Qd3 26. Qc1 Bd5 27. Ra3 Qxb5 28. Ra8+ Kh7 29. Qc2+ g6 30. Qc3 f6 31. Qxf6 Bg8 32. Qe7+ Kh8 33. Qf7 1-0

[Event "EU-ch U20 Girls"]
[Site "Straszecin"]
[Date "1989.??.??"]
[Round "7"]
[White "Harwar, Julie"]
[Black "Smiechowska, Joanna"]
[Result "1-0"]
[WhiteElo "2050"]
[BlackElo "2030"]
[PlyCount "122"]
[EventDate "1989.??.??"]
[EventType "swiss"]
[EventRounds "11"]
[EventCountry "POL"]
[SourceTitle "EXT 2004"]
[Source "ChessBase"]
[SourceDate "2003.11.25"]
[SourceVersion "1"]
[SourceVersionDate "2003.11.25"]
[SourceQuality "1"]

1. d4 Nf6 2. c4 e6 3. Nc3 Bb4 4. a3 Bxc3+ 5. bxc3 c5 6. e3 0-0 7. Bd3 Nc6 8. Ne2 b6 9. 0-0 Ba6 10. e4 Ne8 11. Qc2 g6 12. Bh6 Ng7 13. e5 f5 14. f4 Na5 15. Ng3 Bxc4 16. Bxc4 Nxc4 17. Qe2 Na5 18. Rad1 Qc7 19. d5 exd5 20. Rxd5 Rf7 21. Bxg7 Kxg7 22. Rfd1 Re8 23. Nf1 Nb7 24. Qd2 Ree7 25. c4 Na5 26. Qc3 Kg8 27. Nd2 Qc6 28. Nf3 Qa4 29. Ng5 Rg7 30. e6 h6 31. exd7 Rxd7 32. Qd2 hxg5 33. Rxd7 Nxc4 34. Rxg7+ Kxg7 35. Qd7+ Qxd7 36. Rxd7+ Kf6 37. Rxa7 gxf4 38. Kf2 Ke5 39. Ra6 g5 40. Ra8 Kd4 41. a4 Nb2 42. Rd8+ Kc3 43. Rg8 Kd2 44. Rxg5 c4 45. Rg6 Nxa4 46. Rd6+ Kc2 47. h4 c3 48. h5 Kb2 49. h6 c2 50. Rd2 Nc5 51. Rxc2+ Kxc2 52. h7 Ne4+ 53. Ke2 b5 54. h8Q b4 55. Qc8+ Nc3+ 56. Ke1 b3 57. Qxf5+ Kb2 58. Qxf4 Na2 59. Qd4+ Kb1 60. Qd3+ Kb2 61. g4 Nc1 1-0

[Event "EU-ch U20 Girls"]
[Site "Straszecin"]
[Date "1989.??.??"]
[Round "8"]
[White "Smiechowska, Joanna"]
[Black "Paasikangas Tella, Johanna"]
[Result "1-0"]
[WhiteElo "2030"]
[BlackElo "2005"]
[PlyCount "53"]
[EventDate "1989.??.??"]
[EventType "swiss"]
[EventRounds "11"]
[EventCountry "POL"]
[SourceTitle "EXT 2004"]
[Source "ChessBase"]
[SourceDate "2003.11.25"]
[SourceVersion "1"]
[SourceVersionDate "2003.11.25"]
[SourceQuality "1"]

1. c4 c5 2. Nf3 Nc6 3. d4 cxd4 4. Nxd4 g6 5. Nc3 Bg7 6. e3 Nf6 7. Be2 0-0 8. 0-0 d6 9. b3 a6 10. Bb2 Qa5 11. Rc1 Rd8 12. Rc2 Nb4 13. Rd2 Nxa2 14. Qa1 e5 15. Nc2 e4 16. Qxa2 Qg5 17. Nd5 h5 18. Qa5 Ng4 19. Bxg7 Kxg7 20. f4 exf3 21. Bxf3 Ne5 22. Qc3 Rb8 23. Rdf2 Kh7 24. Nd4 Rf8 25. Bd1 Qd8 26. Nf3 Ng4 27. Ng5+ 1-0